Six Nations Top Points Scorers - Statistics

General Stats
  • This quiz has been taken 15 times
  • The average score is 5 of 10
Answer Stats
Hint Answer % Correct
4. Jonny Wilkinson
91%
3. Owen Farrell
82%
6. Leigh Halfpenny
64%
2. Ronan O'Gara
64%
1. Johnny Sexton
55%
9. Dan Biggar
45%
10. Fin Russell
36%
8. Greig Laidlaw
36%
5. Stephen Jones
36%
7. Chris Paterson
18%
No matching quizzes found
Score Distribution
Percent of People with Each Score
Percentile by Number Answered
Your Score History
You have not taken this quiz